000 01063cam a22003257a 4500
003 CHAP
005 20220329141752.0
008 971013s1963 r 00010 d
010 _a73533
011 _a74505
035 _a84064
040 _cCHAP
090 _aTesis
100 0 0 _aCarballo Carballo, Aquiles.
_918795
245 0 _aCorrección por fallas en parcelas experimentales de maíz
260 _aChapingo, Méx. :
_bEl autor,
_c1963
300 _a34 h.
_b: ilus.
502 _aTesis (Ing. Agr. Esp. en Fitotecnia) -- ENA. Departamento de Fitotecnia
590 _aALEPH
_b10
_c20130110
_lUCH01
_h1416
590 _aBATCH-UPD
_b10
_c20130110
_lUCH01
_h2051
590 _aBATCH-UPD
_b10
_c20130410
_lUCH01
_h1404
590 _aBATCH-UPD
_b10
_c20130914
_lUCH01
_h0910
590 _aCONVERSION
_b10
_c20130109
_lUCH01
_h1340
650 1 4 _aMaíz
_xMejoramiento.
_971006
901 _aBK
942 _cFOLL
949 _bBC
_cTES
_d-39167
_eTS1
_i84064
_si
949 _bBC
_cTES
_d-39168
_eTS2
_fc.2
_i84064
_si
949 _bBC
_cTES
_d-39169
_eTS2
_fc.3
_h20705
_i84064
_si
999 _c73533
_d73533